[Event "Cam. España División de Honor R.6 (Graf,"]
[Site "Ajedrez21.com"]
[Date "2004.11.23"]
[Round "6"]
[White "Fressinet, Laurent"]
[Black "Comas, Lluis"]
[Result "1/2-1/2"]
[WhiteElo "2640"]
[BlackElo "2509"]
[PlyCount "85"]
[EventDate "2004.??.??"]

1. e4 e6 2. d4 d5 3. Nc3 Nf6 4. Bg5 dxe4 5. Nxe4 Nbd7 6. Nf3 h6 7. Nxf6+ Nxf6
8. Bh4 c5 9. Ne5 Qa5+ 10. c3 cxd4 11. Qxd4 Bc5 12. Qf4 Bd6 13. Bg3 O-O 14. Be2
Nd7 15. Nc4 Bxf4 16. Nxa5 Bxg3 17. hxg3 Nc5 18. O-O-O b6 19. Bf3 Ba6 20. Bxa8
Rxa8 21. Nc6 Nd3+ 22. Rxd3 Bxd3 23. Re1 Bb5 24. Nd4 Bd7 25. b3 Rc8 26. Kd2 Kf8
27. c4 Ke7 28. Kc3 Kd6 29. Rd1 Kc7 30. Nc2 Bc6 31. Ne3 Rh8 32. b4 h5 33. b5 Bb7
34. Kb4 h4 35. gxh4 Rxh4 36. g3 Rh2 37. Rd2 Rh5 38. a4 Rh1 39. Rb2 Ra1 40. Nc2
Rd1 41. Ne3 Ra1 42. Nc2 Rd1 43. Ne3 1/2-1/2

[Event "Cam. España División de Honor R.6 (Graf,"]
[Site "Ajedrez21.com"]
[Date "2004.11.23"]
[Round "6"]
[White "Narciso, Marc"]
[Black "Chernin, Alexander"]
[Result "0-1"]
[WhiteElo "2487"]
[BlackElo "2584"]
[PlyCount "100"]
[EventDate "2004.??.??"]

1. e4 e6 2. d4 d5 3. Nd2 c5 4. Ngf3 cxd4 5. Nxd4 Nc6 6. Bb5 Bd7 7. Nxc6 Bxc6 8.
Bxc6+ bxc6 9. c4 Qa5 10. exd5 cxd5 11. cxd5 Qxd5 12. Qa4+ Qd7 13. Qxd7+ Kxd7
14. O-O Nf6 15. Nc4 Bc5 16. b3 Ke7 17. Bg5 h6 18. Bxf6+ Kxf6 19. Rfd1 Rhd8 20.
Kf1 Rac8 21. Rxd8 Rxd8 22. Ke2 Rc8 23. Rd1 Ke7 24. g4 f6 25. Rd3 e5 26. Rg3 Ke6
27. h3 Bd4 28. Rd3 Rh8 29. Rg3 h5 30. Ne3 hxg4 31. hxg4 Rh2 32. Rg1 g6 33. Rc1
Kd7 34. Kf3 f5 35. gxf5 gxf5 36. Nxf5 Rxf2+ 37. Kg4 Ke6 38. Rc6+ Kd5 39. Ra6
Ke4 40. Nd6+ Kd3 41. b4 Bb6 42. Kg3 Rf4 43. b5 Bf2+ 44. Kg2 Bc5 45. a4 e4 46.
Nxe4 Kxe4 47. a5 Rf2+ 48. Kh1 Rf1+ 49. Kg2 Rg1+ 50. Kh3 Ra1 0-1

[Event "Cam. España División de Honor R.6 (Graf,"]
[Site "Ajedrez21.com"]
[Date "2004.11.23"]
[Round "6"]
[White "Corral, Juan A"]
[Black "Jerez, Alfonso"]
[Result "1-0"]
[WhiteElo "2446"]
[BlackElo "2434"]
[PlyCount "93"]
[EventDate "2004.??.??"]

1. d4 Nf6 2. Nf3 g6 3. Bg5 Bg7 4. c3 b6 5. Nbd2 Bb7 6. e3 O-O 7. Be2 c5 8. O-O
Nc6 9. Bxf6 exf6 10. dxc5 bxc5 11. Ne4 Qb6 12. Nd6 Rab8 13. Rb1 Ba8 14. Bc4 Nd4
15. cxd4 Qxd6 16. dxc5 Qxc5 17. b3 Rfd8 18. Rc1 Qa5 19. Rc2 f5 20. Qd2 Qxd2 21.
Rxd2 Bxf3 22. gxf3 d6 23. Rfd1 Rb6 24. Rc2 f4 25. e4 Rb7 26. Bd5 Re7 27. b4 Rb8
28. Rdc1 Bd4 29. Rc4 Bb2 30. Rb1 Be5 31. b5 Rb6 32. a4 a6 33. Rc6 Rxc6 34. bxc6
Bd4 35. a5 Rc7 36. Rb6 Ra7 37. Rxa6 Rc7 38. Ra8+ Kg7 39. Rd8 Kf6 40. Rf8 Ra7
41. Rxf7+ Rxf7 42. Bxf7 Ke7 43. Kg2 Kd8 44. Bc4 Kc7 45. Bb5 g5 46. Kf1 h5 47.
h3 1-0

[Event "Cam. España División de Honor R.6 (Graf,"]
[Site "Ajedrez21.com"]
[Date "2004.11.23"]
[Round "6"]
[White "Granados, Manuel"]
[Black "Padrón, Jose García"]
[Result "1-0"]
[WhiteElo "2425"]
[BlackElo "2429"]
[PlyCount "105"]
[EventDate "2004.??.??"]

1. c4 Nf6 2. Nc3 e6 3. e4 d5 4. e5 d4 5. exf6 dxc3 6. bxc3 Qxf6 7. d4 b6 8. Nf3
Bb7 9. Be2 Bd6 10. Bg5 Qf5 11. O-O O-O 12. Qd2 h6 13. Bh4 Nd7 14. Rab1 Nf6 15.
Bg3 Ne4 16. Qe3 Nxg3 17. fxg3 Qe4 18. Qd2 c5 19. Nh4 Qc6 20. d5 Qc7 21. dxe6
fxe6 22. Qe3 e5 23. Rxf8+ Rxf8 24. Bf3 Re8 25. Be4 Bc6 26. Qd3 Bxe4 27. Qxe4
Qf7 28. Rd1 Qe6 29. Nf5 Bf8 30. g4 g6 31. Nh4 Kh7 32. Nf3 Bg7 33. g3 Rf8 34.
Kg2 a6 35. h4 Kh8 36. Rd5 Re8 37. a4 Qc6 38. Nd2 Rf8 39. h5 gxh5 40. gxh5 Qxa4
41. Nf3 Qa1 42. Rd7 Qb2+ 43. Kh3 Qf2 44. Nh4 Qf1+ 45. Kg4 Rf7 46. Rd8+ Bf8 47.
Nf5 Rg7+ 48. Nxg7 Qf6 49. Ne6 Qxe6+ 50. Qf5 Qg8+ 51. Kh3 Kg7 52. Qg6+ Kh8 53.
Qf6+ 1-0

[Event "Cam. España División de Honor R.6 (Graf,"]
[Site "Ajedrez21.com"]
[Date "2004.11.23"]
[Round "6"]
[White "Illescas, Miguel"]
[Black "Vallejo, Francisco"]
[Result "1/2-1/2"]
[WhiteElo "2626"]
[BlackElo "2678"]
[PlyCount "44"]
[EventDate "2004.??.??"]

1. d4 Nf6 2. c4 e6 3. Nc3 Bb4 4. e3 O-O 5. Bd3 d5 6. a3 Bxc3+ 7. bxc3 dxc4 8.
Bxc4 c5 9. Ne2 Qc7 10. Ba2 b6 11. O-O Ba6 12. Re1 Nc6 13. Ng3 Rad8 14. Bb2 e5
15. Rc1 Na5 16. Qf3 Rfe8 17. e4 Bc4 18. Bb1 Nb3 19. d5 Nxc1 20. Bxc1 Rd6 21.
Nf5 Nd7 22. Nxd6 Qxd6 1/2-1/2

[Event "Cam. España División de Honor R.6 (Graf,"]
[Site "Ajedrez21.com"]
[Date "2004.11.23"]
[Round "6"]
[White "Nielsen, Peter"]
[Black "Damljanovic, Branko"]
[Result "1/2-1/2"]
[WhiteElo "2663"]
[BlackElo "2578"]
[PlyCount "215"]
[EventDate "2004.??.??"]

1. d4 d6 2. Nf3 Nf6 3. c4 g6 4. Nc3 Bg7 5. e4 O-O 6. Be2 c5 7. O-O Nc6 8. d5
Na5 9. Bg5 h6 10. Bd2 e5 11. g3 Bd7 12. Nh4 a6 13. Qc2 Rb8 14. b3 b5 15. Nd1
Nb7 16. Nb2 b4 17. a3 a5 18. axb4 cxb4 19. Be3 Be8 20. Nf3 Ng4 21. Bd2 Qc8 22.
Na4 f5 23. Nh4 fxe4 24. Qxe4 Nf6 25. Qc2 e4 26. Ng2 g5 27. Ne3 Bg6 28. Bc1 Nd7
29. Bb2 Bxb2 30. Qxb2 Ne5 31. c5 Nxc5 32. Nxc5 Qxc5 33. Rac1 Qa7 34. Ng4 Nxg4
35. Bxg4 Qg7 36. Qe2 Kh8 37. Rc6 Qe5 38. Ra6 Rf6 39. Rxa5 Rbf8 40. Qe3 Qc3 41.
Be2 Qxe3 42. fxe3 Rxf1+ 43. Bxf1 Rf3 44. Ra6 Rxe3 45. Rxd6 Kg7 46. Bc4 Bf5 47.
Rd8 Kf6 48. d6 Ke5 49. d7 Kd6 50. Bb5 Rxb3 51. Re8 Bxd7 52. Rd8 Rb1+ 53. Kf2 b3
54. Rxd7+ Kc5 55. Be2 b2 56. Rb7 Kd4 57. Rb3 g4 58. Kg2 h5 59. Kf2 e3+ 60. Rxe3
Rh1 61. Rd3+ Kc5 62. Rb3 b1=Q 63. Rxb1 Rxb1 64. Bf1 Kd4 65. Bg2 Rb2+ 66. Kg1
Ke3 67. Bd5 Rf2 68. Bc6 Rf8 69. Bd5 Kd4 70. Bc6 Ke5 71. Bg2 Kf6 72. h4 Ke5 73.
Bc6 Kd4 74. Bb7 Ke3 75. Bc6 Rf6 76. Bb7 Rb6 77. Bd5 Rd6 78. Bb7 Rd1+ 79. Kg2
Rb1 80. Bc6 Rb6 81. Bd5 Kd4 82. Ba8 Rb8 83. Bc6 Kc5 84. Be4 Re8 85. Bb7 Kb6 86.
Bd5 Re5 87. Ba8 Re8 88. Bd5 Kc5 89. Bb7 Rb8 90. Be4 Kd4 91. Bc6 Ke3 92. Kg1 Rb6
93. Bd5 Rb2 94. Bc6 Rf2 95. Bd5 Ke2 96. Bc6 Ke3 97. Bd5 Rd2 98. Bc6 Rd6 99. Bb7
Rb6 100. Bd5 Rb1+ 101. Kg2 Kd4 102. Bc6 Rb6 103. Ba8 Rb3 104. Kf2 Rb8 105. Bc6
Rb2+ 106. Kg1 Ke3 107. Bd5 Rf2 108. Bc6 1/2-1/2

[Event "Cam. España División de Honor R.6 (Graf,"]
[Site "Ajedrez21.com"]
[Date "2004.11.23"]
[Round "6"]
[White "Glavina (IBE), Pablo"]
[Black "Miseenko, Alexander"]
[Result "0-1"]
[WhiteElo "2458"]
[BlackElo "2653"]
[PlyCount "110"]
[EventDate "2004.??.??"]

1. e4 c5 2. Nf3 Nc6 3. c3 d5 4. exd5 Qxd5 5. d4 Nf6 6. dxc5 Qxd1+ 7. Kxd1 e5 8.
b4 Bf5 9. Bc4 a5 10. b5 O-O-O+ 11. Ke1 e4 12. bxc6 exf3 13. cxb7+ Kxb7 14. Be3
fxg2 15. Rg1 Ng4 16. Bd4 Be7 17. Rxg2 Bf6 18. Nd2 Rhe8+ 19. Kf1 Bxd4 20. cxd4
Rxd4 21. Bb5 Re7 22. Re1 Rxe1+ 23. Kxe1 g6 24. f3 Ne5 25. Re2 f6 26. Re3 a4 27.
Ke2 Rb4 28. Be8 Kc7 29. a3 Rh4 30. Ne4 Rxh2+ 31. Kd1 Rh1+ 32. Ke2 Rh2+ 33. Kd1
Rh1+ 34. Ke2 Bxe4 35. Rxe4 Rh2+ 36. Kf1 Nxf3 37. Rxa4 Nd2+ 38. Ke1 Nf3+ 39. Kf1
Rb2 40. c6 Ne5 41. Ra7+ Kd6 42. Rxh7 g5 43. Ra7 Rb8 44. Bd7 Rb6 45. Ke2 Nxc6
46. Bxc6 Rxc6 47. Ke3 Ke6 48. a4 Kf5 49. a5 Kg4 50. Rb7 f5 51. Rb4+ f4+ 52. Ke4
Re6+ 53. Kd4 Kg3 54. Ra4 Ra6 55. Ra1 Ra8 0-1

[Event "Cam. España División de Honor R.6 (Graf,"]
[Site "Ajedrez21.com"]
[Date "2004.11.23"]
[Round "6"]
[White "Gustafsson, Jan"]
[Black "Baron, Jesus"]
[Result "1-0"]
[WhiteElo "2603"]
[BlackElo "2432"]
[PlyCount "121"]
[EventDate "2004.??.??"]

1. c4 e6 2. Nc3 d5 3. d4 Nf6 4. cxd5 exd5 5. Bg5 Nbd7 6. e3 Be7 7. Bd3 O-O 8.
Nf3 Re8 9. O-O c6 10. Qc2 g6 11. Rab1 Nh5 12. Bxe7 Qxe7 13. b4 a6 14. a4 Nb6
15. a5 Nd7 16. Rfe1 Ndf6 17. Ne5 Ng4 18. Nxg4 Bxg4 19. f3 Be6 20. Qf2 f5 21.
Na4 Qf6 22. Nc5 Re7 23. Rb2 Rae8 24. Rbe2 Bc8 25. Bc2 Kg7 26. g3 Qd6 27. Kg2
Nf6 28. Nd3 Rf8 29. Rb1 Rfe8 30. Kh1 Be6 31. Rg1 Rf8 32. Qe1 Kg8 33. h3 Nd7 34.
Nf4 Rfe8 35. g4 fxg4 36. hxg4 Rf8 37. Qh4 Rff7 38. Rh2 Nf8 39. Nxg6 Nxg6 40.
Bxg6 Rg7 41. Bc2 Bd7 42. f4 Rxe3 43. g5 Re4 44. Bxe4 dxe4 45. g6 hxg6 46. Qd8+
Kf7 47. f5 e3 48. fxg6+ Ke6 49. Qg5 Qd5+ 50. Qxd5+ cxd5 51. Re2 Kf6 52. Rxe3
Rxg6 53. Rxg6+ Kxg6 54. Re7 Bc6 55. Kh2 Kg5 56. Kg3 Kf5 57. Re5+ Kg6 58. Kg4
Kf6 59. Kf4 Kg6 60. Re6+ Kf7 61. Ke5 1-0

[Event "Cam. España División de Honor R.6 (Graf,"]
[Site "Ajedrez21.com"]
[Date "2004.11.23"]
[Round "6"]
[White "Pelletier, Yannick"]
[Black "San Segundo, Pablo"]
[Result "1-0"]
[WhiteElo "2589"]
[BlackElo "2516"]
[PlyCount "107"]
[EventDate "2004.??.??"]

1. Nf3 d5 2. d4 Nf6 3. c4 c6 4. Nc3 e6 5. e3 Nbd7 6. Qc2 Bd6 7. Bd3 O-O 8. O-O
dxc4 9. Bxc4 Qe7 10. Ne2 c5 11. e4 cxd4 12. Nexd4 a6 13. Qe2 Ne5 14. Nxe5 Bxe5
15. Nf3 Qc7 16. Nxe5 Qxe5 17. f3 Bd7 18. Be3 Rfc8 19. Rfd1 Bb5 20. Bxb5 axb5
21. Rac1 h5 22. Rxc8+ Rxc8 23. Bd4 Qg5 24. Qd2 Qxd2 25. Rxd2 Rd8 26. Kf2 e5 27.
Bc3 Rxd2+ 28. Bxd2 Nd7 29. Ke3 f6 30. Kd3 Nb8 31. b3 Kf7 32. a4 bxa4 33. bxa4
Ke6 34. Kc4 Nd7 35. Bb4 g6 36. a5 Nb8 37. Kb5 Nd7 38. g3 g5 39. Bd2 Kd6 40.
Bb4+ Ke6 41. h3 f5 42. g4 fxg4 43. fxg4 hxg4 44. hxg4 Kf7 45. Bd2 Kg6 46. Bc1
Kh6 47. Ba3 Kg7 48. Be7 Kg6 49. Bd8 Kh6 50. Kc4 Kg6 51. Kb4 Kh6 52. Kb5 Kg6 53.
Be7 Kh6 54. a6 1-0

[Event "Cam. España División de Honor R.6 (Graf,"]
[Site "Ajedrez21.com"]
[Date "2004.11.23"]
[Round "6"]
[White "Moreno, Javier"]
[Black "Lacasa, Jose Antonio"]
[Result "1/2-1/2"]
[WhiteElo "2512"]
[BlackElo "2431"]
[PlyCount "53"]
[EventDate "2004.??.??"]

1. e4 c5 2. Nf3 e6 3. d4 cxd4 4. Nxd4 Nc6 5. Nc3 d6 6. Bc4 a6 7. O-O Nge7 8.
Bg5 Qa5 9. Bh4 Ng6 10. Nxc6 Qc5 11. Ne7 Bxe7 12. Bxe7 Nxe7 13. Bb3 O-O 14. Na4
Qc7 15. c4 e5 16. Rc1 b6 17. Qd2 Nc6 18. f4 exf4 19. Rfd1 Rd8 20. Qxf4 Ne5 21.
h3 Be6 22. Kh1 Rab8 23. Nc3 Qe7 24. Nd5 Bxd5 25. exd5 Rbc8 26. Bc2 g6 27. Bd3
1/2-1/2

[Event "Cam. España División de Honor R.6 (Graf,"]
[Site "Ajedrez21.com"]
[Date "2004.11.23"]
[Round "6"]
[White "Rahal, Michael"]
[Black "Fernandez, Jose Luis"]
[Result "1-0"]
[WhiteElo "2416"]
[BlackElo "2479"]
[PlyCount "71"]
[EventDate "2004.??.??"]

1. e4 Nf6 2. e5 Nd5 3. d4 d6 4. c4 Nb6 5. exd6 exd6 6. Nc3 Be7 7. Bd3 c5 8. d5
O-O 9. Qc2 f5 10. Nge2 Na6 11. a3 Bf6 12. O-O Be5 13. f4 Bf6 14. Bd2 Bd7 15. b3
Nc8 16. Kh1 Ne7 17. Rae1 Nc7 18. Ng1 Rb8 19. Nf3 Ng6 20. Ng5 Qc8 21. a4 a6 22.
h3 Ne7 23. Re2 h6 24. Nf3 Ng6 25. g4 Bxc3 26. Bxc3 Nxf4 27. Re7 Ne8 28. Nh4 Qd8
29. Rfe1 Rf7 30. Nxf5 Bxf5 31. Rxe8+ Qxe8 32. Rxe8+ Rxe8 33. Bxf5 Re2 34. Qc1
Nxh3 35. Qf1 Re3 36. Bd2 1-0

[Event "Cam. España División de Honor R.6 (Graf,"]
[Site "Ajedrez21.com"]
[Date "2004.11.23"]
[Round "6"]
[White "Graf, Alexander"]
[Black "Carlsen, Magnus"]
[Result "1-0"]
[WhiteElo "2646"]
[BlackElo "2581"]
[PlyCount "57"]
[EventDate "2004.??.??"]

1. Nf3 Nf6 2. c4 e6 3. g3 d5 4. b3 d4 5. Bg2 Nc6 6. O-O Be7 7. d3 O-O 8. Na3 e5
9. Nc2 a5 10. e3 dxe3 11. Nxe3 Nb4 12. d4 exd4 13. Nxd4 Bc5 14. Bb2 Ra6 15. a3
Rd6 16. axb4 Bxd4 17. Bxd4 Rxd4 18. Qe1 axb4 19. Qxb4 b6 20. Ra8 Qd6 21. Qxd6
Rxd6 22. b4 Be6 23. Ra7 c5 24. bxc5 bxc5 25. Rc7 Rc8 26. Rxc8+ Bxc8 27. Ra1 Ra6
28. Rd1 Re6 29. Bc6 1-0

[Event "Cam. España División de Honor R.6 (Graf,"]
[Site "Ajedrez21.com"]
[Date "2004.11.23"]
[Round "6"]
[White "Perez Candelario, Manuel"]
[Black "Giorgadze, Giorgi"]
[Result "1/2-1/2"]
[WhiteElo "2474"]
[BlackElo "2612"]
[PlyCount "71"]
[EventDate "2004.??.??"]

1. e4 e5 2. Nf3 Nc6 3. Bb5 a6 4. Ba4 Nf6 5. O-O Be7 6. Re1 b5 7. Bb3 O-O 8. h3
d6 9. c3 Nb8 10. d4 Nbd7 11. Nbd2 Bb7 12. Bc2 Re8 13. a4 Bf8 14. Bd3 c6 15. b3
g6 16. Bb2 Bg7 17. c4 exd4 18. cxb5 axb5 19. axb5 c5 20. Qb1 d5 21. exd5 Nxd5
22. Bc4 Nc3 23. Rxa8 Qxa8 24. Rxe8+ Qxe8 25. Qe1 Qd8 26. Ba3 Bd5 27. Bxd5 Nxd5
28. Qe4 N7f6 29. Qc2 Bf8 30. Qc4 Nb6 31. Qd3 Qe8 32. Kf1 Nfd5 33. Ne4 Nd7 34.
Ned2 N7f6 35. Qc4 Nb6 36. Qd3 1/2-1/2

[Event "Cam. España División de Honor R.6 (Graf,"]
[Site "Ajedrez21.com"]
[Date "2004.11.23"]
[Round "6"]
[White "Reinaldo, Roi"]
[Black "Khamrakulov, Ibragim"]
[Result "0-1"]
[WhiteElo "2446"]
[BlackElo "2500"]
[PlyCount "78"]
[EventDate "2004.??.??"]

1. e4 c5 2. Nf3 e6 3. d4 cxd4 4. Nxd4 a6 5. Bd3 Ne7 6. Nc3 Nec6 7. Nb3 Be7 8.
Be3 d6 9. f4 b5 10. Qf3 Qc7 11. O-O-O Bb7 12. Kb1 Nd7 13. h4 Nc5 14. Qg3 O-O
15. f5 Nxd3 16. Bh6 g6 17. cxd3 b4 18. Ne2 exf5 19. exf5 Rfc8 20. fxg6 fxg6 21.
h5 Ne5 22. Nf4 Bf6 23. Rc1 Qd7 24. hxg6 hxg6 25. Bg5 Rxc1+ 26. Nxc1 Bg7 27. Qh4
Kf7 28. Qf2 Kg8 29. Qh4 Kf7 30. Rf1 Kg8 31. Rh1 Kf7 32. Rf1 Qf5 33. Qe1 Kg8 34.
Qxb4 Bxg2 35. Qb3+ Kh7 36. Rf2 Qxg5 37. Nxg2 Rc8 38. Rc2 Nf3 39. Ka1 Qxc1+ 0-1

[Event "Cam. España División de Honor R.6 (Graf,"]
[Site "Ajedrez21.com"]
[Date "2004.11.23"]
[Round "6"]
[White "Carrasco, Juan"]
[Black "Lariño, David"]
[Result "1-0"]
[WhiteElo "2408"]
[BlackElo "2307"]
[PlyCount "95"]
[EventDate "2004.??.??"]

1. d4 Nf6 2. Nf3 g6 3. c4 Bg7 4. Nc3 d6 5. Bg5 O-O 6. e3 c6 7. Be2 Qc7 8. O-O
Nbd7 9. Qc2 b6 10. Rfd1 Bb7 11. Rac1 Rac8 12. a3 Qb8 13. b4 c5 14. bxc5 bxc5
15. d5 Qa8 16. e4 Rfe8 17. Nd2 e5 18. Rb1 h5 19. Qa4 a6 20. Rb2 Rc7 21. Nb3 Nh7
22. Bd2 Qc8 23. Na5 Ba8 24. Rdb1 Nhf8 25. Qc2 Qd8 26. Na4 f5 27. Nb6 fxe4 28.
Nxa8 Qxa8 29. Nb7 e3 30. Bxe3 e4 31. Nxd6 Re7 32. Rb3 Be5 33. Nxe4 Rf7 34. Ng5
Rf6 35. Ne6 Rc8 36. Rb7 Bd6 37. Qa4 Rf7 38. Qc2 Re8 39. Nc7 Bxc7 40. Rxc7 Qd8
41. Rc6 Re5 42. Bd3 Rxe3 43. fxe3 Ne5 44. Bxg6 Rg7 45. Be4 Qh4 46. Rc8 Ng4 47.
Bh7+ Kf7 48. Rb7+ 1-0

[Event "Camp. España Equipos R7 (Graf, Vallejo, "]
[Site "Ajedrez21.com"]
[Date "2004.11.24"]
[Round "7"]
[White "Carlsen, Magnus"]
[Black "Krasenkow, Michal"]
[Result "1/2-1/2"]
[WhiteElo "2581"]
[BlackElo "2676"]
[PlyCount "73"]
[EventDate "2004.??.??"]

1. e4 e5 2. Nf3 Nc6 3. Bb5 a6 4. Ba4 Nf6 5. O-O Nxe4 6. d4 b5 7. Bb3 d5 8. dxe5
Be6 9. Be3 Be7 10. c3 O-O 11. Nbd2 Qd7 12. Re1 f5 13. exf6 Nxf6 14. Bc2 Bf5 15.
Bxf5 Qxf5 16. Nf1 Ne4 17. Ng3 Nxg3 18. hxg3 Rad8 19. a4 b4 20. Qe2 bxc3 21.
bxc3 Qc8 22. Rad1 Bf6 23. Bg5 h6 24. Qe6+ Qxe6 25. Rxe6 hxg5 26. Rxc6 Rde8 27.
Rxc7 Re4 28. a5 g4 29. Nd4 Bxd4 30. Rxd4 Re1+ 31. Kh2 Rxf2 32. Rxg4 Rf7 33.
Rc8+ Rf8 34. Rxf8+ Kxf8 35. Rg6 Rc1 36. Rxa6 Rxc3 37. Rd6 1/2-1/2

[Event "Camp. España Equipos R7 (Graf, Vallejo, "]
[Site "Ajedrez21.com"]
[Date "2004.11.24"]
[Round "7"]
[White "Nijboer, Friso"]
[Black "Perez Candelario, Manuel"]
[Result "0-1"]
[WhiteElo "2567"]
[BlackElo "2474"]
[PlyCount "122"]
[EventDate "2004.??.??"]

1. e4 e5 2. Nf3 Nc6 3. Bb5 a6 4. Ba4 Nf6 5. O-O Be7 6. Re1 b5 7. Bb3 d6 8. c3
O-O 9. h3 Bb7 10. d4 Re8 11. Nbd2 Bf8 12. a4 h6 13. Bc2 exd4 14. cxd4 Nb4 15.
Bb1 c5 16. d5 Nd7 17. Ra3 f5 18. Nh2 c4 19. Rf3 Ne5 20. Rxf5 Bc8 21. Rf3 Nxf3+
22. Ndxf3 bxa4 23. Re3 Bd7 24. Ng4 Rb8 25. Nd4 h5 26. Nh6+ gxh6 27. Rg3+ Bg7
28. Bxh6 Re7 29. e5 dxe5 30. Qxh5 Nd3 31. d6 Rf7 32. Rg6 Nf4 33. Bxf4 exf4 34.
Nf3 Rb5 35. Ng5 Rxg5 36. Rxg5 Be6 37. Bg6 Rd7 38. h4 Qf6 39. Rc5 Rxd6 40. Rc7
f3 41. g3 Rd5 42. Bh7+ Kf8 43. Rc8+ Bxc8 44. Qxd5 Be6 45. Qd6+ Qe7 46. Qb8+ Qe8
47. Qd6+ Kf7 48. Qf4+ Ke7 49. Qg5+ Bf6 50. Qc5+ Kf7 51. Qh5+ Kf8 52. Qxf3 Kg7
53. h5 Bxb2 54. Bc2 a3 55. Qe4 Qf7 56. Bb1 Bd5 57. Qh7+ Kf8 58. Qh6+ Ke7 59.
Qg5+ Kd7 60. f4 Kc7 61. f5 Qf6 0-1

[Event "Camp. España Equipos R7 (Graf, Vallejo, "]
[Site "Ajedrez21.com"]
[Date "2004.11.24"]
[Round "7"]
[White "Khamrakulov, Ibragim"]
[Black "Suba, Mihai"]
[Result "1/2-1/2"]
[WhiteElo "2500"]
[BlackElo "2516"]
[PlyCount "129"]
[EventDate "2004.??.??"]

1. e4 c5 2. c3 d5 3. exd5 Qxd5 4. d4 Nf6 5. Nf3 e6 6. Be3 cxd4 7. cxd4 Be7 8.
Nc3 Qd8 9. Bd3 Nc6 10. a3 O-O 11. O-O b6 12. Qe2 Bb7 13. Rac1 Qd6 14. Ba6 Bxa6
15. Qxa6 Qd7 16. Ne5 Nxe5 17. dxe5 Ng4 18. Bf4 Qd4 19. Bg3 Qd2 20. Qb7 Bg5 21.
f4 Bh6 22. Qf3 Qe3+ 23. Qxe3 Nxe3 24. Rf3 Nc4 25. Rc2 Rac8 26. Bh4 g5 27. Rg3
Kh8 28. Bxg5 Bxg5 29. fxg5 Nxe5 30. Re2 Ng6 31. Rd2 Rc7 32. Ne4 Rfc8 33. Rgd3
Kg7 34. Nd6 Ne5 35. Rd4 Rc1+ 36. Kf2 R8c2 37. h4 Kg6 38. Kg3 a6 39. Rxc2 Rxc2
40. Rf4 Rxb2 41. Rf6+ Kg7 42. Kf4 Ng6+ 43. Kg3 Rb3+ 44. Kg4 Rd3 45. Nxf7 Rd4+
46. Kg3 Rxh4 47. Nd8 Ra4 48. Nxe6+ Kg8 49. Rf3 Rc4 50. Rd3 Kf7 51. Rd6 Rc3+ 52.
Kf2 Rxa3 53. Rxb6 a5 54. Nd4 Ne5 55. Rf6+ Kg8 56. Rf5 Ng4+ 57. Ke2 Re3+ 58. Kd2
Re5 59. Rf4 Rxg5 60. Nc6 Nh6 61. Ra4 Rxg2+ 62. Ke3 Rg3+ 63. Kf2 Rc3 64. Nxa5
Kg7 65. Re4 1/2-1/2

[Event "Camp. España Equipos R7 (Graf, Vallejo, "]
[Site "Ajedrez21.com"]
[Date "2004.11.24"]
[Round "7"]
[White "Romero, Alfonso"]
[Black "Carrasco, Juan M"]
[Result "1-0"]
[WhiteElo "2514"]
[BlackElo "2408"]
[PlyCount "65"]
[EventDate "2004.??.??"]

1. d4 Nf6 2. c4 c5 3. Nf3 e6 4. g3 d5 5. cxd5 Nxd5 6. Bg2 Nc6 7. O-O Be7 8.
dxc5 Bxc5 9. Qc2 Be7 10. a3 O-O 11. e4 Nf6 12. Nc3 Qa5 13. b4 Qh5 14. b5 Ne5
15. Nxe5 Qxe5 16. Bf4 Qc5 17. Qb2 e5 18. Be3 Qc7 19. Rfc1 Qa5 20. b6 Bc5 21.
Bxc5 Qxc5 22. Nd5 Qa5 23. Ne7+ Kh8 24. Qb4 Qxb4 25. axb4 a6 26. Rc7 Rb8 27.
Nxc8 Rfxc8 28. Rd1 h6 29. f3 Kh7 30. Bh3 Rf8 31. Re7 Rfe8 32. Rxf7 Kg8 33. Rc7
1-0

[Event "Camp. España Equipos R7 "]
[Site "Ajedrez21.com"]
[Date "2004.11.24"]
[Round "7"]
[White "Bologan, Viktor"]
[Black "Graf, Alexander"]
[Result "1-0"]
[WhiteElo "2669"]
[BlackElo "2646"]
[PlyCount "151"]
[EventDate "2004.??.??"]

1. e4 e5 2. Nf3 Nc6 3. Bb5 a6 4. Ba4 Nf6 5. O-O Be7 6. Re1 b5 7. Bb3 d6 8. c3
O-O 9. h3 Na5 10. Bc2 c5 11. d4 Nd7 12. Kh1 Re8 13. d5 Nf8 14. Nbd2 Bd7 15. b3
Qc8 16. Nf1 c4 17. b4 Nb7 18. a4 Nd8 19. Ng3 g6 20. Nh2 Bh4 21. Rf1 Bf6 22. Bh6
Bh8 23. Qd2 f6 24. f4 exf4 25. Bxf4 Nf7 26. Ne2 bxa4 27. Nd4 Re7 28. Nhf3 Qe8
29. Rfe1 Ne5 30. Qd1 a5 31. Bxe5 dxe5 32. Nc6 Bxc6 33. dxc6 Qxc6 34. Bxa4 Qe6
35. Bb5 Bg7 36. bxa5 Bh6 37. Ra4 Rc7 38. Qe2 Kg7 39. Bxc4 Qc6 40. Qd1 Raa7 41.
Ba2 Qe8 42. Qd5 Nd7 43. Rc4 Bf4 44. a6 Qe7 45. Rxc7 Rxc7 46. Nh2 Nc5 47. Bc4
Rd7 48. Qa8 Rd8 49. Qc6 f5 50. exf5 gxf5 51. Nf1 Ne4 52. Rxe4 fxe4 53. Qxe4 Rd1
54. g3 Bg5 55. h4 Qd7 56. Kg2 Rxf1 57. Bxf1 Qd2+ 58. Kh3 Qd7+ 59. Qg4 Qxg4+ 60.
Kxg4 Be3 61. Kf5 Bf2 62. g4 Bb6 63. Kxe5 Kf7 64. g5 Kg6 65. Be2 h6 66. gxh6
Kxh6 67. Kd5 Bf2 68. c4 Kg6 69. c5 Kf6 70. a7 Kf5 71. a8=Q Be1 72. Qf8+ Kg6 73.
Ke6 Bxh4 74. Qf5+ Kg7 75. Qg4+ Kf8 76. Qg6 1-0

[Event "Camp. España Equipos R7 (Graf, Vallejo, "]
[Site "Ajedrez21.com"]
[Date "2004.11.24"]
[Round "7"]
[White "Giorgadze, Giorgi"]
[Black "Pelletier, Yannick"]
[Result "1/2-1/2"]
[WhiteElo "2612"]
[BlackElo "2589"]
[PlyCount "66"]
[EventDate "2004.??.??"]

1. d4 Nf6 2. Nf3 e6 3. c4 Bb4+ 4. Bd2 a5 5. Nc3 O-O 6. e3 d5 7. Bd3 b6 8. O-O
Nbd7 9. Rc1 Bb7 10. a3 Be7 11. Qe2 Qb8 12. Rfd1 Rd8 13. Be1 h6 14. cxd5 Nxd5
15. Nxd5 exd5 16. b4 axb4 17. axb4 c6 18. e4 Re8 19. Qc2 c5 20. Bb5 Rd8 21.
dxc5 bxc5 22. Bxd7 Rxd7 23. bxc5 Rc7 24. exd5 Rxc5 25. Qf5 Rxc1 26. Rxc1 Qd6
27. Rd1 Bf6 28. Qe4 Rd8 29. Ba5 Rd7 30. Bb4 Qb8 31. Qf5 Rxd5 32. Rxd5 Bxd5 33.
Qxd5 Qxb4 1/2-1/2

[Event "Camp. España Equipos R7 (Graf, Vallejo, "]
[Site "Ajedrez21.com"]
[Date "2004.11.24"]
[Round "7"]
[White "Reinaldo, Roi"]
[Black "Rahal, Michael"]
[Result "1/2-1/2"]
[WhiteElo "2446"]
[BlackElo "2416"]
[PlyCount "26"]
[EventDate "2004.??.??"]

1. e4 e6 2. d4 d5 3. Nc3 Bb4 4. e5 Ne7 5. a3 Bxc3+ 6. bxc3 c5 7. Qg4 Qc7 8.
Qxg7 Rg8 9. Qxh7 cxd4 10. Ne2 Nbc6 11. f4 Bd7 12. Qd3 dxc3 13. Nxc3 Na5 1/2-1/2

[Event "Camp. España Equipos R7 (Graf, Vallejo, "]
[Site "Ajedrez21.com"]
[Date "2004.11.24"]
[Round "7"]
[White "Moiseenko, Alexander"]
[Black "Moreno, Javier"]
[Result "1-0"]
[WhiteElo "2653"]
[BlackElo "2512"]
[PlyCount "47"]
[EventDate "2004.??.??"]

1. d4 e6 2. c4 Nf6 3. Nc3 Bb4 4. Nf3 c5 5. g3 cxd4 6. Nxd4 O-O 7. Bg2 d5 8. O-O
dxc4 9. Qa4 Na6 10. Ndb5 Qb6 11. Be3 Bc5 12. Bg5 Bd7 13. Bxf6 gxf6 14. Qxc4
Bxb5 15. Nxb5 Rac8 16. Qg4+ Kh8 17. a4 Nc7 18. Qh4 Kg7 19. Nc3 Qxb2 20. Rfc1 b6
21. Qg4+ Kh8 22. Qf4 Kg7 23. Rab1 Qa3 24. Bb7 1-0

[Event "Camp. España Equipos R7 (Graf, Vallejo, "]
[Site "Ajedrez21.com"]
[Date "2004.11.24"]
[Round "7"]
[White "Fernandez, Jose Luis"]
[Black "Gustafsson, Jan"]
[Result "1/2-1/2"]
[WhiteElo "2479"]
[BlackElo "2603"]
[PlyCount "48"]
[EventDate "2004.??.??"]

1. e4 e5 2. Bc4 Nf6 3. d3 Nc6 4. Nc3 Na5 5. Nge2 Nxc4 6. dxc4 Bc5 7. Qd3 d6 8.
Be3 Bxe3 9. Qxe3 Be6 10. b3 O-O 11. O-O Nd7 12. Rad1 f5 13. f4 fxe4 14. fxe5
Rxf1+ 15. Rxf1 Nxe5 16. Qxe4 Bd7 17. Nd4 c6 18. Nf5 Bxf5 19. Qxf5 Qe7 20. Ne4
Ng6 21. Ng5 Qe3+ 22. Rf2 Qe1+ 23. Rf1 Qe3+ 24. Rf2 Qc1+ 1/2-1/2